00588cam a22002171 4500001001300000003000400013005001700017008004100034010001700075035002000092040001800112042001200130043001200142050001600154100002500170245008700195260002100282300001800303651003200321999001700353sa 68016147 DLC20260227112652.0890420s1966 io 000 0 dut  asa 68016147  a(OCoLC)23432668 aDLCcMiUdDLC apremarc aa-io---00aHC447b.N551 aNitisastro, Widjojo.10aHakekat dan konsekwensi ketetapan MPRS dibidang ekonomi, keuangan dan pembangunan. aDjakarta,c1966. a19 l.c33 cm. 0aIndonesiaxEconomic policy. c86934d86934